| 000 | 00701nam a22002057a 4500 | ||
|---|---|---|---|
| 003 | 0 | ||
| 005 | 20230814102005.0 | ||
| 008 | 230814b xxu||||| |||| 00| 0 eng d | ||
| 020 | _a978-1-107-49580-7 | ||
| 050 |
_aTR QD 33.2 _b.Ow97 2015 |
||
| 100 | _aOwen, Steve | ||
| 245 |
_aChemistry for the IB diploma exam preparation guide _cSteve Owen, Chris Martin |
||
| 250 | _aFirst ed. | ||
| 260 |
_aUnited Kingdom _bCambridge University Press _cc2015 |
||
| 300 |
_aviii, 248 p. : _bcol. ill. ; _c28 cm. |
||
| 500 | _aChemistry -- Examinations -- Study guide. | ||
| 504 | _aIncludes bibliographical references and index. | ||
| 650 | _aChemistry -- Examinations -- Study guide. | ||
| 942 |
_2lcc _cBK |
||
| 999 |
_c365146 _d365146 |
||